000 00205 a2200097 4500
001 32572
100 _aWali, M
245 _aMayfair INN
260 _aPeshawar
_bSpinzer Printers
_c
090 _c21788
_d21788
942 _aNUST-CAE
_cM
_c13100
999 _c267645
_d267645